000
00504nam a22001217a 4500
040
_c
HS
082
_a
375
100
_a
CHAN SARUTH
245
_a
ផែនការយុទ្ធសាស្ត្រសម្រាប់អភិវឌ្ឍន៍កម្មវិធីសិក្សាមហាវិទ្យាល័យវិស្វកម្មកសិកម្មនៅក្នុងប្រទេសកម្ពុជា
260
_a
RUA
_b
CHAN SARUTH
_c
1996
300
_a
36p;
942
_c
EK
999
_c
9436
_d
9436